Mathematics, with applications in management and economics / (Record no. 11317)

MARC details
000 -LEADER
fixed length control field 00923cam a2200289 a 4500
001 - CONTROL NUMBER
control field 4299473
003 - CONTROL NUMBER IDENTIFIER
control field OSt
005 - DATE AND TIME OF LATEST TRANSACTION
control field 20211011103344.0
008 - FIXED-LENGTH DATA ELEMENTS--GENERAL INFORMATION
fixed length control field 860620s1987 ilua 000 0 eng
010 ## - LIBRARY OF CONGRESS CONTROL NUMBER
LC control number 86081793
020 ## - INTERNATIONAL STANDARD BOOK NUMBER
International Standard Book Number 0256031401
040 ## - CATALOGING SOURCE
Original cataloging agency DLC
Transcribing agency HU
Modifying agency DLC
050 00 - LIBRARY OF CONGRESS CALL NUMBER
Classification number HF5691
Item number .B69 1987
082 00 - DEWEY DECIMAL CLASSIFICATION NUMBER
Classification number 510
Edition number 19
100 1# - MAIN ENTRY--PERSONAL NAME
Personal name Bowen, Earl K.
9 (RLIN) 11506
245 10 - TITLE STATEMENT
Title Mathematics, with applications in management and economics /
Statement of responsibility, etc. Earl K. Bowen, Gordon D. Prichett, John C. Saber.
250 ## - EDITION STATEMENT
Edition statement 6th ed.
260 ## - PUBLICATION, DISTRIBUTION, ETC.
Place of publication, distribution, etc. Homewood, Ill. :
Name of publisher, distributor, etc. Irwin,
Date of publication, distribution, etc. 1987.
300 ## - PHYSICAL DESCRIPTION
Extent xxii, 993 p. :
Other physical details ill. ;
Dimensions 24 cm.
440 #4 - SERIES STATEMENT/ADDED ENTRY--TITLE
Title The Irwin series in quantitative analysis for business
9 (RLIN) 12240
500 ## - GENERAL NOTE
General note Includes index.
650 #0 - SUBJECT ADDED ENTRY--TOPICAL TERM
Topical term or geographic name entry element Business mathematics.
9 (RLIN) 7171
700 1# - ADDED ENTRY--PERSONAL NAME
Personal name Prichett, Gordon D.
9 (RLIN) 12241
700 1# - ADDED ENTRY--PERSONAL NAME
Personal name Saber, John C.
9 (RLIN) 12242
906 ## - LOCAL DATA ELEMENT F, LDF (RLIN)
a 7
b cbc
c orignew
d 3
e opcn
f 19
g y-gencatlg
942 ## - ADDED ENTRY ELEMENTS (KOHA)
Source of classification or shelving scheme Dewey Decimal Classification
Koha item type Books like text book referance book
Suppress in OPAC No
Holdings
Withdrawn status Lost status Source of classification or shelving scheme Damaged status Not for loan Collection code Home library Current library Shelving location Date acquired Total Checkouts Full call number Barcode Date last seen Copy number Price effective from Koha item type
    Dewey Decimal Classification     Non-fiction Wondo Genet Library Wondo Genet Library General Stacks 10/11/2021   510 BOW 1987 WGCFNRL00005280 10/11/2021 1 10/11/2021 Books like text book referance book
    Dewey Decimal Classification     Non-fiction Wondo Genet Library Wondo Genet Library General Stacks 10/11/2021   510 BOW 1987 WGCFNRL00005281 10/11/2021 2 10/11/2021 Books like text book referance book
    Dewey Decimal Classification     Non-fiction Wondo Genet Library Wondo Genet Library General Stacks 10/11/2021   510 BOW 1987 WGCFNRL00005282 10/11/2021 3 10/11/2021 Books like text book referance book
    Dewey Decimal Classification     Reference Wondo Genet Library Wondo Genet Library General Stacks 06/08/2022   510 BOW 1987 WGCFNRL00020129 06/08/2022 4 06/08/2022 Books like text book referance book